| 000 | 00724nam a22002297a 4500 | ||
|---|---|---|---|
| 999 |
_c10562 _d10562 |
||
| 003 | AR-CdUCM | ||
| 008 | 190401b ||||| |||| 00| 0 spa d | ||
| 040 |
_aMUNICIPALIDAD PROVINCIAL DEL CUSCO _cBIBLIOTECA MUNICIPAL DEL CUSCO |
||
| 082 |
_26ed. _aES / 800 / _bL55 |
||
| 110 |
_aEditorial Mateu _927502 |
||
| 245 | _aLeyendas Heroicas de la Antigua Grecia / | ||
| 260 |
_aBarcelona _bMateu ; _c1960. |
||
| 300 |
_a235 páginas ; _c19cm |
||
| 440 |
_aColección Clásicos Cadete _n4 _927503 |
||
| 505 | _aContenido: Leyendas | ||
| 650 |
_aLiteratura juvenil _91580 |
||
| 650 |
_aLeyendas _92226 |
||
| 650 |
_aAntigua Grecia _927504 |
||
| 700 |
_aBallester Escalas, R. _92840 |
||
| 942 |
_2ddc _cLIBROS |
||
| 945 | _anom | ||